| 000 | 01019nam a22002777a 4500 | ||
|---|---|---|---|
| 001 | 2485 | ||
| 003 | FISKH | ||
| 005 | 20251217155129.0 | ||
| 008 | 231212b cb ||||| |||| 00| 0 eng d | ||
| 020 | _a9781407154169 | ||
| 040 |
_aFISKH _beng _cFISKH _dFISKH |
||
| 050 | _a823.914 | ||
| 082 | _aPZ7.P968 | ||
| 100 | _aPullman, Philip | ||
| 245 |
_aNorthern lights : _bHis dark materials / _cPhilip Pullman |
||
| 250 | _aThis edition published in 2015 | ||
| 260 |
_aLondon : _bScholastic, _c1995 |
||
| 300 |
_a397 pages : _billustrations ; _c20 cm |
||
| 520 | _aAccompanied by her daemon, Lyra Belacqua sets out to prevent her best friend and other kidnapped children from becoming the subject of gruesome experiments in the Far North. | ||
| 650 |
_aHis dark materials _vJuvenile literature |
||
| 650 |
_aFantasy _vJuvenile literature |
||
| 650 |
_aAdventure _vJuvenile literature |
||
| 650 |
_aReligion _vJuvenile literature |
||
| 650 |
_aScience fiction _vJuvenile literature |
||
| 942 |
_2ddc _cBK _n0 |
||
| 999 |
_c2485 _d2485 |
||